马华文学作品选. 六 (Record no. 32607)

000 -LEADER
fixed length control field 00465nam a22001697a 4500
003 - CONTROL NUMBER IDENTIFIER
control field MPLRDC
005 - DATE AND TIME OF LATEST TRANSACTION
control field 20220104142642.0
008 - FIXED-LENGTH DATA ELEMENTS--GENERAL INFORMATION
fixed length control field 210129b ||||| |||| 00| 0 eng d
082 ## - DEWEY DECIMAL CLASSIFICATION NUMBER
Classification number 868.71 FX-2 v.6
100 ## - MAIN ENTRY--PERSONAL NAME
Personal name 方修编
245 ## - TITLE STATEMENT
Title 马华文学作品选. 六
Statement of responsibility, etc.
250 ## - EDITION STATEMENT
Edition statement 一版二刷
260 ## - PUBLICATION, DISTRIBUTION, ETC.
Place of publication, distribution, etc. 马来西亚
Name of publisher, distributor, etc. 马来西亚华校董事联合会总会(董总)
Date of publication, distribution, etc. 1995
300 ## - PHYSICAL DESCRIPTION
Other physical details 255
650 ## - SUBJECT ADDED ENTRY--TOPICAL TERM
Topical term or geographic name entry element 马华文学--小说
942 ## - ADDED ENTRY ELEMENTS (KOHA)
Koha item type Book
-- 868.71 FX-2 v.6
Holdings
Withdrawn status Lost status Source of classification or shelving scheme Damaged status Not for loan Collection code Home library Current library Shelving location Date acquired Cost, normal purchase price Total Checkouts Full call number Barcode Date last seen Date last checked out Price effective from Koha item type Public note
            Malaysian Public Library, Research and Development Centre Malaysian Public Library, Research and Development Centre   10/12/2007 8.50   868.71 FX-2 v.6 00032702 18/03/2021 08/05/2009 18/03/2021 Book mplrdc

© 2022. Malaysian Public Library, Research and Development Centre. All Right ReservedE-mailmplrdc@help.edu.my 

Powered by Koha